000 01144nam a2200277 4500
001 120849
003 ES-MaACL
005 20250403175550.0
007 t|
008 070214s1952 sp r ||||1| spa d
100 1 _aPrat Ballester, Jorge.
_993673
245 1 3 _aLa lucha por Europa /
_cpor Jorge Prat Ballester ; con un prólogo de D. Ernesto Anastasio Pascual.
250 _a1ª ed.
260 _aBarcelona :
_bLuis Miracle,
_c1952.
300 _a303 p. :
_bil. ;
_c22 cm.
490 1 _aCol. Instituto de Estudios Europeos ;
_v2
510 _aCCPB,
_c000981068-4
650 4 _916273
_aPolítica-
_yS.XX
_zEuropa-
700 1 _aPascual, Ernesto Anastasio.
_989347
830 0 _aCol. Instituto de Estudios Europeos ;
_v2
_9218704
852 _aES-MaACL
_jD-6476
_bR.32779
_bR.M.6069
_9125352
_cSVI
_fSello en tinta azul de la Biblioteca del Ateneo de Madrid
_hSello en tinta: "DONATIVO"
_xEncuadernación en tela beige
942 _2udc
_cMONOGRAFIA
999 _c120849
_d120849